000 00813nam a2200277Ia 4500
003 OSt
005 20221007110426.0
006 a|||||r|||| 00| 0
007 ta
008 221006b |||||||| |||| 00| 0 eng d
020 _a0123228603
024 _a21,112
037 _cTextual
040 _aLCO
_cLCO
_beng
041 _2eng
_aeng
082 _aY773:434:5(Z), L8
100 _aHandler Joel F.
245 0 _aLawyers and the Pursuit of Legal Rights
260 _aNew
_bYork Academic Press U.S.A.
_c1978
300 _a272
650 _aLAWYERS
_9702575
700 _a Erlanger Howard S.
_9707468
700 _a Hollingsworth Ellen Jane
_9707469
942 _hY773:434:5(Z), L8
_cTEXL
999 _c1190675
_d1190675